LEADER 01750oam 2200517 450 001 9910154917803321 005 20230810001516.0 010 $a1-5124-2723-3 035 $a(CKB)3710000000972469 035 $a(DLC) 2016029188 035 $a(MiAaPQ)EBC5445482 035 $a(Au-PeEL)EBL5445482 035 $a(OCoLC)1010495818 035 $a(EXLCZ)993710000000972469 100 $a20160622h20172017 cy 1 101 0 $aeng 135 $aur||||||||||| 181 $2rdacontent 181 $2rdacontent 182 $2rdamedia 183 $2rdacarrier 200 12$aA different kind of Passover /$fby Linda Leopold-Strauss ; illustrated by Jeremy Tugeau 210 1$aMinneapolis :$cKar-Ben Publishing,$d[2017] 210 4$dİ2017 215 $a1 online resource$cillustrations 311 $a1-5124-0097-1 327 $aCover -- Front Flap -- Copyright Page -- Title Page -- Back Flap -- Back Cover. 330 $a"Passover at Grandma and Grandpa's house is a little different this year because Grandpa just got out of the hospital. But with a little help from Jessica and her family, Grandpa is still able to take part in the seder"--$cProvided by publisher. 606 $aPassover$vFiction 606 $aJudaism$xCustoms and practices$vFiction 606 $aFamily life$vFiction 606 $aGrandfathers$vFiction 615 1$aPassover 615 1$aJudaism$xCustoms and practices 615 1$aFamily life 615 1$aGrandfathers 676 $a[E] 700 $aStrauss$b Linda Leopold$01249011 702 $aTugeau$b Jeremy 801 0$bDLC 801 1$bDLC 801 2$bDLC 906 $aBOOK 912 $a9910154917803321 996 $aA different kind of Passover$92894585 997 $aUNINA LEADER 04901nam 2201057 450 001 9910823842503321 005 20230126203737.0 010 $a0-520-28760-6 010 $a0-520-95762-8 024 7 $a10.1525/9780520957626 035 $a(CKB)2550000001180907 035 $a(EBL)1594281 035 $a(SSID)ssj0001084793 035 $a(PQKBManifestationID)11573124 035 $a(PQKBTitleCode)TC0001084793 035 $a(PQKBWorkID)11048224 035 $a(PQKB)11426117 035 $a(StDuBDS)EDZ0000889925 035 $a(MiAaPQ)EBC1594281 035 $a(OCoLC)867931422 035 $a(MdBmJHUP)muse32362 035 $a(DE-B1597)519803 035 $a(OCoLC)1086479362 035 $a(DE-B1597)9780520957626 035 $a(Au-PeEL)EBL1594281 035 $a(CaPaEBR)ebr10826594 035 $a(CaONFJC)MIL560962 035 $a(OCoLC)885464480 035 $a(EXLCZ)992550000001180907 100 $a20140128h20142014 uy 0 101 0 $aeng 135 $aur|||||||nn|n 181 $ctxt 182 $cc 183 $acr 200 10$aThat religion in which all men agree $efreemasonry in American culture /$fDavid G. Hackett 210 1$aBerkeley, California :$cUniversity of California Press,$d2014. 210 4$dİ2014 215 $a1 online resource (330 p.) 300 $aDescription based upon print version of record. 311 $a0-520-28167-5 311 $a1-306-29711-7 320 $aIncludes bibliographical references and index. 327 $tFront matter --$tContents --$tAcknowledgments --$tIntroduction --$t1. Colonial Freemasonry and Polite Society, 1733-1776 --$t2. Revolutionary Masonry: Republican and Christian, 1757-1825 --$t3. A Private World of Ritual, 1797-1825 --$t4. Anti-Masonry and the Public Sphere, 1826-1850 --$t5. Gender, Protestants, and Freemasonry, 1850-1920 --$t6. The Prince Hall Masons and the African American Church: The Labors of Grand Master and Bishop James Walker Hood, 1864-1918 --$t7. Freemasonry and Native Americans, 1776-1920 --$t8. Jews and Catholics, 1723-1920 --$tEpilogue --$tNotes --$tIndex 330 $aThis powerful study weaves the story of Freemasonry into the narrative of American religious history. Freighted with the mythical legacies of stonemasons' guilds and the Newtonian revolution, English Freemasonry arrived in colonial America with a vast array of cultural baggage, which was drawn on, added to, and transformed during its sojourn through American culture. David G. Hackett argues that from the 1730's through the early twentieth century the religious worlds of an evolving American social order broadly appropriated the beliefs and initiatory practices of this all-male society. For much of American history, Freemasonry was both counter and complement to Protestant churches, as well as a forum for collective action among racial and ethnic groups outside the European American Protestant mainstream. Moreover, the cultural template of Freemasonry gave shape and content to the American "public sphere." By including a group not usually seen as a carrier of religious beliefs and rituals, Hackett expands and complicates the terrain of American religious history by showing how Freemasonry has contributed to a broader understanding of the multiple influences that have shaped religion in American culture. 606 $aFreemasonry$zUnited States$xHistory 606 $aGroup identity$zUnited States$xHistory 607 $aUnited States$xReligion 607 $aUnited States$xSocial life and customs 610 $aall male society. 610 $aamerican cultural studies. 610 $aamerican freemasonry. 610 $aamerican history. 610 $aamerican religious history. 610 $abrotherhood. 610 $achristianity. 610 $acolonial america. 610 $aenglish freemasonry. 610 $afraternal organisations. 610 $afreemasonry. 610 $agender studies. 610 $ahistorical. 610 $ahistory. 610 $alocal fraternities of stonemasons. 610 $alodge. 610 $amasculinity studies. 610 $amasonic studies. 610 $amasonry. 610 $amythical legacies. 610 $anewton. 610 $anewtonian revolution. 610 $aprotestant. 610 $apublic sphere. 610 $arace and gender. 610 $arace in america. 610 $areligion. 610 $areligious. 610 $asocial order. 610 $astonemasons. 610 $aunited states of america. 615 0$aFreemasonry$xHistory. 615 0$aGroup identity$xHistory. 676 $a366/.10973 700 $aHackett$b David G$01630102 801 0$bMiAaPQ 801 1$bMiAaPQ 801 2$bMiAaPQ 906 $aBOOK 912 $a9910823842503321 996 $aThat religion in which all men agree$93968195 997 $aUNINA